Anne of Green Gables Name Game - Statistics

General Stats
  • This quiz has been taken 303 times
  • The average score is 10 of 12
Answer Stats
First Name Last Name % Correct
Anne Shirley
98%
Marilla Cuthbert
96%
Matthew Cuthbert
96%
Gilbert Blythe
93%
Diana Barry
89%
Josephine Barry
89%
Josie Pye
87%
Ruby Gillis
77%
Rachel Lynde
77%
Jane Andrews
66%
Charlie Sloane
61%
Muriel Stacy
53%
No matching quizzes found
Score Distribution
Percent of People with Each Score
Percentile by Number Answered
Your Score History
You have not taken this quiz